| 000 | 00344 a2200133 4500 | ||
|---|---|---|---|
| 001 | 86183 | ||
| 020 | _a9781847378835 | ||
| 082 | _a968.06092 MER | ||
| 090 |
_c40451 _d40451 |
||
| 100 | _aMartin Meredith | ||
| 245 |
_aNelson Mandela : a biography _cMartin Meredith |
||
| 260 |
_aLondon _b Simon & Schuster _c2010 |
||
| 300 | _axviii, 653 p. | ||
| 942 |
_acaenust _k968.06092 MER |
||
| 999 |
_c321256 _d321256 |
||